000 00201 a2200097 4500
001 48017
100 _aThanvi
245 _aHeavenly Ornaments
260 _aLahore
_bAl kitab
_c
090 _c31006
_d31006
942 _aNUST-CAE
_cM
_c23344
999 _c283090
_d283090